Culture Générale - Série 1681 - Statistiques

Statistiques générales
  • Ce quiz a été pris 73 fois
  • Le résultat moyen est 4 sur 10
Statistiques - réponses
Question Réponse % Correct
Quelle principauté a donné son nom au cocktail composé de bière, de limonade et de sirop de grenadine ? Monaco
83%
Dans quel massif montagneux les cols du Tourmalet et d'Aubisque se situent-ils ? Pyrénées
77%
Dans quel Département et Région française d'outre mer se situe la ville du Gosier ? Guadeloupe
59%
A part la Loire, quel est le plus long cours d'eau de Bretagne qui mesure 218 km ? Vilaine
47%
Dans la mythologie bretonne, l'ankou désigne le serviteur de la ... mort
42%
En Bretagne, quel mot en 4 lettres, désigne la partie inférieure d'une vallée envahie par la mer ? aber
33%
Comment qualifie-t-on les élections organisées en dehors de toute campagne nationale et destinées à pourvoir un poste vacant ? partielles
16%
De quelle ville bretonne le kouign-amann est-il la spécialité ? Douarnenez
14%
Quelle est la plus grande des îles du golfe du Morbihan ? L'île aux moines
6%
Comment appelle-t-on le secteur du littoral du Croisic et de la Baule, en Loire-Atlantique ? Côte d'Amour
3%
Aucun quiz correspondant
Distribution des résultats
% des personnes avec chaque résultat
Percentile par nombre de réponses
Votre historique - résultats
Vous n’avez pas pris ce quiz